[Event "DVM U12 2019"]
[Site "Magdeburg GER"]
[Date "2019.12.29"]
[Round "5"]
[White "Fischer, Darja"]
[Black "Hoffmann, Kay"]
[Result "1-0"]
[Termination "normal"]
[Board "7.1"]
[WhiteElo "1546"]
[BlackElo "1621"]
[WhiteTeam "Karlsruher SF 1853"]
[BlackTeam "Barnimer Schachfreunde im SV Stahl Finow e.V."]
[PlyCount "93"]
[WhiteFideId "16240898"]
[BlackFideId "16227000"]
[EventCountry "GER"]
[EventRounds "7"]
[EventType "team-swiss"]
[EventDate "2019.12.26"]

1. d4 d5 2. c4 e5 3. cxd5 Qxd5 4. dxe5 Qxd1+ 5. Kxd1 Nc6 6. Nf3 Bf5 7. a3 Nge7
8. Bf4 Ng6 9. Bg3 O-O-O+ 10. Nbd2 Bc5 11. e3 Bg4 12. Ke1 Rhe8 13. Bb5 Rd5 14.
Bxc6 bxc6 15. h3 Be6 16. Ke2 Red8 17. Rhd1 Rd3 18. Rac1 Bb6 19. Rxc6 Bd5 20.
Rcc1 Ba5 21. Kxd3 Bxf3+ 22. Kc2 Bxd1+ 23. Rxd1 Rd5 24. Nf3 Rc5+ 25. Kd3 Rd5+
26. Ke2 Rb5 27. b4 Bb6 28. Nd4 Rd5 29. Nf5 Rb5 30. f4 a5 31. Nxg7 axb4 32. axb4
Rxb4 33. f5 Ne7 34. e6 fxe6 35. f6 Ng6 36. Nxe6 Re4 37. Rd8+ Kb7 38. Nd4 Bxd4
39. Rxd4 Re6 40. Rd7 h5 41. Rxc7+ Kb6 42. f7 h4 43. Bh2 Rf6 44. e4 Nf8 45. g4
Ne6 46. Re7 Ng5 47. e5 1-0

[Event "DVM U12 2019"]
[Site "Magdeburg GER"]
[Date "2019.12.29"]
[Round "5"]
[White "Beyer, Lorenz"]
[Black "Kiefhaber, Tobias"]
[Result "1/2-1/2"]
[Termination "normal"]
[Board "7.2"]
[WhiteElo "1274"]
[BlackElo "1483"]
[WhiteTeam "Barnimer Schachfreunde im SV Stahl Finow e.V."]
[BlackTeam "Karlsruher SF 1853"]
[PlyCount "56"]
[WhiteFideId "16245393"]
[BlackFideId "16240693"]
[EventCountry "GER"]
[EventRounds "7"]
[EventType "team-swiss"]
[EventDate "2019.12.26"]

1. d4 d6 2. Nf3 Nf6 3. Bf4 g6 4. c4 Bg7 5. Nc3 Nbd7 6. e4 O-O 7. Qd2 Re8 8. Bh6
Bh8 9. h3 e5 10. d5 Nc5 11. Bd3 Nh5 12. Bc2 Bg7 13. Bxg7 Nxg7 14. g4 Qf6 15.
Nh2 Qf4 16. Qxf4 exf4 17. O-O-O f5 18. Nb5 Re7 19. exf5 gxf5 20. Rhe1 Rxe1 21.
Rxe1 Na6 22. gxf5 Bxf5 23. Bxf5 Nxf5 24. Ng4 c6 25. Nc3 Nc5 26. Kd2 a5 27. Ne4
Nd4 28. Nh2 cxd5 1/2-1/2

[Event "DVM U12 2019"]
[Site "Magdeburg GER"]
[Date "2019.12.29"]
[Round "5"]
[White "Liu, Leon"]
[Black "Studzinski, Bruno"]
[Result "0-1"]
[Termination "normal"]
[Board "7.3"]
[WhiteElo "1344"]
[BlackElo "1244"]
[WhiteTeam "Karlsruher SF 1853"]
[BlackTeam "Barnimer Schachfreunde im SV Stahl Finow e.V."]
[PlyCount "170"]
[WhiteFideId "16275047"]
[BlackFideId "16296478"]
[EventCountry "GER"]
[EventRounds "7"]
[EventType "team-swiss"]
[EventDate "2019.12.26"]

1. e4 d5 2. exd5 Nf6 3. Bc4 Nxd5 4. Qh5 e6 5. d3 Nf6 6. Qf3 Nc6 7. Ne2 Ne5 8.
Bb5+ c6 9. Qe3 Neg4 10. Bxc6+ bxc6 11. Qg3 Qd6 12. f4 Ba6 13. h3 Nh6 14. Be3
Nf5 15. Qf3 Nxe3 16. Qxe3 Nd5 17. Qd4 Qb4+ 18. Qxb4 Nxb4 19. Kd2 Bd6 20. Nbc3
Nd5 21. Ne4 Bxf4+ 22. Nxf4 Nxf4 23. g3 Nd5 24. c4 Nf6 25. Ng5 O-O 26. h4 c5 27.
Rag1 h6 28. Nf3 Bb7 29. Ke3 Rfd8 30. Rd1 Ng4+ 31. Ke2 e5 32. Rh3 Rab8 33. b3 a5
34. h5 e4 35. Ne1 exd3+ 36. Rxd3 Rxd3 37. Nxd3 Re8+ 38. Kd2 Rd8 39. Ke2 Rc8 40.
Kd2 Be4 41. Nb2 Rb8 42. Na4 Rd8+ 43. Kc1 Rc8 44. Nb6 Rc6 45. Na4 Kf8 46. Rh4 f5
47. Nc3 Bf3 48. Kb2 Ke7 49. Ka3 Ra6 50. Ka4 Bc6+ 51. Nb5 Kd7 52. Ka3 Ke7 53.
Nc7 Ra7 54. Nb5 Ra6 55. Nc7 Rb6 56. Nb5 Kd7 57. Ka4 Ra6 58. Ka3 Ra8 59. Ka4 Ke6
60. Ka3 Ke5 61. Nc7 Ra7 62. Nb5 Ra8 63. Nc7 Rc8 64. Na6 Kd4 65. Kb2 Bb7 66. a3
Bxa6 67. Rh1 Ne3 68. g4 f4 69. g5 hxg5 70. h6 gxh6 71. Rxh6 Bb7 72. Rh2 f3 73.
Rf2 Nd1+ 74. Ka2 Nxf2 75. b4 axb4 76. a4 Ra8 77. Kb3 Bc6 78. Kb2 Rxa4 79. Kb3
Ra3+ 80. Kc2 Bb7 81. Kb2 Kxc4 82. Kc2 Ra2+ 83. Kc1 Re2 84. Kb1 Kc3 85. Kc1 Re1#
0-1

[Event "DVM U12 2019"]
[Site "Magdeburg GER"]
[Date "2019.12.29"]
[Round "5"]
[White "Dominick, Maximilian"]
[Black "Kossert, Simon"]
[Result "0-1"]
[Termination "normal"]
[Board "7.4"]
[WhiteElo "1120"]
[BlackElo "1343"]
[WhiteTeam "Barnimer Schachfreunde im SV Stahl Finow e.V."]
[BlackTeam "Karlsruher SF 1853"]
[PlyCount "137"]
[WhiteFideId "16296486"]
[BlackFideId "16283287"]
[EventCountry "GER"]
[EventRounds "7"]
[EventType "team-swiss"]
[EventDate "2019.12.26"]

1. d4 Nf6 2. Bf4 e6 3. e3 c5 4. Nf3 Nc6 5. Bd3 d5 6. O-O Bd6 7. Bxd6 Qxd6 8.
Nc3 O-O 9. Nb5 Qe7 10. Ne5 a6 11. Nxc6 bxc6 12. Nc3 e5 13. Re1 cxd4 14. exd4 e4
15. f3 Qb4 16. fxe4 Qxd4+ 17. Kh1 dxe4 18. Bxe4 Qxd1 19. Raxd1 Nxe4 20. Rxe4
Bf5 21. Rc4 Bxc2 22. Rd2 Rfe8 23. h3 Bg6 24. Rxc6 Re6 25. Rxe6 fxe6 26. Rd6 Kf7
27. Rd7+ Kf6 28. Kg1 Rc8 29. Rd6 a5 30. Ra6 Rc5 31. Kf2 h5 32. a3 Bh7 33. Na4
Rb5 34. Ke3 g5 35. Kd4 Rd5+ 36. Kc3 Rd3+ 37. Kc4 Rg3 38. Rxa5 Rxg2 39. b4 g4
40. Rxh5 Rc2+ 41. Kd4 g3 42. Rh4 Bf5 43. Nc5 e5+ 44. Ke3 g2 45. Ne4+ Bxe4 46.
Rg4 Rc1 47. Kf2 Rf1+ 48. Ke3 g1=Q+ 49. Rxg1 Rxg1 50. Kxe4 Rg3 51. b5 Rxa3 52.
Kd5 Rxh3 53. b6 Rh7 54. Kc6 e4 55. b7 Rxb7 56. Kxb7 e3 57. Kc6 e2 58. Kd5 e1=R
59. Kd4 Kf5 60. Kd3 Re4 61. Kd2 Kf4 62. Kd3 Kf3 63. Kd2 Re3 64. Kd1 Re2 65. Kc1
Ke3 66. Kd1 Kd3 67. Kc1 Rh2 68. Kb1 Kc3 69. Ka1 0-1

[Event "DVM U12 2019"]
[Site "Magdeburg GER"]
[Date "2019.12.29"]
[Round "5"]
[White "Gold, Jan Christian"]
[Black "Uhlmann, Tim"]
[Result "1-0"]
[Termination "normal"]
[Board "8.1"]
[WhiteElo "1527"]
[BlackElo "1446"]
[WhiteTeam "SK Bad Homburg 1927"]
[BlackTeam "SF Neureut 1953 e.V."]
[PlyCount "67"]
[WhiteFideId "16298128"]
[BlackFideId "16239210"]
[EventCountry "GER"]
[EventRounds "7"]
[EventType "team-swiss"]
[EventDate "2019.12.26"]

1. e4 e5 2. Bc4 Nf6 3. d4 exd4 4. Nf3 Bc5 5. Bg5 d6 6. Nxd4 h6 7. Bh4 Bxd4 8.
Qxd4 Nc6 9. Bxf6 Nxd4 10. Bxd8 Nxc2+ 11. Kd2 Nxa1 12. Bxc7 O-O 13. Bxd6 Rd8 14.
e5 Bf5 15. Na3 Nc2 16. Nxc2 Bxc2 17. Kxc2 Rac8 18. Kd3 g6 19. b3 Kg7 20. Ke4
Re8 21. f4 a6 22. a4 Rcd8 23. Kd4 f6 24. Kc3 fxe5 25. fxe5 Rc8 26. Kb4 b6 27.
Rf1 Ra8 28. e6 b5 29. axb5 axb5 30. Kxb5 Ra7 31. Rf7+ Rxf7 32. exf7 Rd8 33.
f8=Q+ Rxf8 34. Bxf8+ 1-0

[Event "DVM U12 2019"]
[Site "Magdeburg GER"]
[Date "2019.12.29"]
[Round "5"]
[White "Scheinmaier, Mark"]
[Black "Negru, Maximilian"]
[Result "1-0"]
[Termination "normal"]
[Board "8.2"]
[WhiteElo "1399"]
[BlackElo "1267"]
[WhiteTeam "SF Neureut 1953 e.V."]
[BlackTeam "SK Bad Homburg 1927"]
[PlyCount "85"]
[WhiteFideId "16238958"]
[BlackFideId "16298136"]
[EventCountry "GER"]
[EventRounds "7"]
[EventType "team-swiss"]
[EventDate "2019.12.26"]

1. d4 d5 2. Bf4 Nf6 3. e3 c5 4. Nf3 Bg4 5. Be2 Bxf3 6. Bxf3 e6 7. c3 Nc6 8. Nd2
Be7 9. Qb3 b6 10. Be2 O-O 11. Nf3 c4 12. Qc2 Ne4 13. Ne5 Nxe5 14. Bxe5 f6 15.
Bg3 Bd6 16. Bxd6 Qxd6 17. Bxc4 Nxf2 18. Qxf2 dxc4 19. O-O e5 20. a4 a6 21. Qf3
Rab8 22. Qg4 Rb7 23. dxe5 Qd3 24. Qh3 Re7 25. exf6 Rxe3 26. f7+ Kh8 27. Qc8 Qd6
28. Qxc4 Qe7 29. Qxa6 Qc5 30. b4 Qc7 31. Qa8 Qe7 32. Qc6 Re6 33. Qd5 Rd6 34.
Rae1 Qxe1 35. Qxd6 Qe3+ 36. Kh1 h6 37. Qxf8+ Kh7 38. Qg8+ Kg6 39. f8=N+ Kh5 40.
Qd5+ g5 41. Qf7+ Kg4 42. h3+ Kg3 43. Rf3+ 1-0

[Event "DVM U12 2019"]
[Site "Magdeburg GER"]
[Date "2019.12.29"]
[Round "5"]
[White "Mandalka, Justus"]
[Black "Dasselaar, Hendrik"]
[Result "1-0"]
[Termination "normal"]
[Board "8.3"]
[WhiteElo "1220"]
[BlackElo "1133"]
[WhiteTeam "SK Bad Homburg 1927"]
[BlackTeam "SF Neureut 1953 e.V."]
[PlyCount "55"]
[WhiteFideId "16298144"]
[BlackFideId "16259297"]
[EventCountry "GER"]
[EventRounds "7"]
[EventType "team-swiss"]
[EventDate "2019.12.26"]

1. e4 e5 2. Nf3 Nc6 3. d4 exd4 4. Nxd4 Nxd4 5. Qxd4 Nf6 6. Bg5 Be7 7. Bc4 O-O
8. e5 Re8 9. O-O Nh5 10. Be3 d6 11. Qd1 g6 12. Nc3 dxe5 13. Qf3 c6 14. Rad1 Qc7
15. Bxf7+ Kg7 16. Bxe8 Bf6 17. Ne4 Bf5 18. Nd6 Bxc2 19. Rd2 e4 20. Qg4 Rd8 21.
Nf5+ Kh8 22. Rxd8 Bxd8 23. Bxg6 Nf6 24. Qh3 Qd7 25. Qh6 Bc7 26. Bd4 Kg8 27.
Bxf6 e3 28. Ne7+ 1-0

[Event "DVM U12 2019"]
[Site "Magdeburg GER"]
[Date "2019.12.29"]
[Round "5"]
[White "Tang, Shunjie Roger"]
[Black "Radutny, Alexej"]
[Result "0-1"]
[Termination "normal"]
[Board "8.4"]
[WhiteElo "1280"]
[BlackElo "1045"]
[WhiteTeam "SF Neureut 1953 e.V."]
[BlackTeam "SK Bad Homburg 1927"]
[PlyCount "142"]
[WhiteFideId "16298004"]
[BlackFideId "16298152"]
[EventCountry "GER"]
[EventRounds "7"]
[EventType "team-swiss"]
[EventDate "2019.12.26"]

1. d4 e6 2. Bf4 d5 3. e3 c5 4. Nf3 Nf6 5. c4 Nc6 6. cxd5 exd5 7. dxc5 Bxc5 8.
Be2 O-O 9. O-O Bf5 10. Nc3 d4 11. exd4 Bxd4 12. Nxd4 Nxd4 13. Bd3 Bxd3 14. Qxd3
Re8 15. Rad1 Ne2+ 16. Nxe2 Qxd3 17. Rxd3 Rxe2 18. Rfd1 h6 19. R3d2 Rxd2 20.
Rxd2 Rc8 21. h3 Re8 22. Be3 b6 23. Rd3 Rc8 24. b3 Kh7 25. Rd1 Rc2 26. Rd2 Rc8
27. Re2 Re8 28. Rc2 Nd5 29. Re2 g5 30. Kf1 Kg6 31. Bd2 Re6 32. g3 b5 33. a4 a6
34. g4 h5 35. f3 hxg4 36. hxg4 Re7 37. Rh2 f6 38. Re2 Kf7 39. Re1 Ke8 40. Rc1
Rc7 41. Re1+ Re7 42. Rc1 Rc7 43. Rxc7 Nxc7 44. Ke2 bxa4 45. bxa4 Kf7 46. Kd3
Ke6 47. Ke4 Nd5 48. Be1 Nb6 49. Bc3 Nd7 50. Bd4 Ne5 51. Bc5 Nd7 52. Kd4 f5 53.
gxf5+ Kxf5 54. Bd6 Kg6 55. Kd5 Nb6+ 56. Kc5 Nxa4+ 57. Kb4 Nb2 58. Bg3 Kf5 59.
Ka5 Nd3 60. Bb8 Ne5 61. Kxa6 Nxf3 62. Bg3 Kg4 63. Bf2 Kh3 64. Kb5 g4 65. Kc5
Kg2 66. Be3 Ne5 67. Kd5 Kf3 68. Bd4 Nd3 69. Kc4 Ke2 70. Kc3 g3 71. Bg1 Kf1 0-1

[Event "DVM U12 2019"]
[Site "Magdeburg GER"]
[Date "2019.12.29"]
[Round "5"]
[White "Pick, Max"]
[Black "Schwartz, Oliver"]
[Result "1/2-1/2"]
[Termination "normal"]
[Board "9.1"]
[WhiteElo "1635"]
[BlackElo "1716"]
[WhiteTeam "Schachklub Kerpen 64 e. V."]
[BlackTeam "SC Ostfildern 1952 e.V."]
[PlyCount "70"]
[WhiteFideId "16210883"]
[BlackFideId "16207459"]
[EventCountry "GER"]
[EventRounds "7"]
[EventType "team-swiss"]
[EventDate "2019.12.26"]

1. e4 c5 2. Nf3 Nc6 3. d4 cxd4 4. Nxd4 Nf6 5. Nc3 e5 6. Ndb5 d6 7. Na3 Be6 8.
Bc4 Rc8 9. Bg5 a6 10. Bxe6 fxe6 11. Nc4 Nd4 12. Ne3 Be7 13. Bxf6 Bxf6 14. Ne2
O-O 15. c3 Nxe2 16. Qxe2 Qb6 17. O-O Rcd8 18. Rad1 Qc6 19. Qc4 Qxc4 20. Nxc4 d5
21. Ne3 d4 22. Ng4 Rf7 23. f4 exf4 24. Nxf6+ Rxf6 25. Rxd4 Rxd4 26. cxd4 Kf7
27. e5 Rf5 28. g4 fxg3 29. Rxf5+ exf5 30. hxg3 Ke6 31. Kf2 g5 32. Kf3 h5 33. a3
b5 34. b4 Kd5 35. Ke3 Ke6 1/2-1/2

[Event "DVM U12 2019"]
[Site "Magdeburg GER"]
[Date "2019.12.29"]
[Round "5"]
[White "Chugunov, Ivan"]
[Black "Atar, Efecan"]
[Result "1-0"]
[Termination "normal"]
[Board "9.2"]
[WhiteElo "1383"]
[BlackElo "1417"]
[WhiteTeam "SC Ostfildern 1952 e.V."]
[BlackTeam "Schachklub Kerpen 64 e. V."]
[PlyCount "91"]
[WhiteFideId "16256808"]
[BlackFideId "16266420"]
[EventCountry "GER"]
[EventRounds "7"]
[EventType "team-swiss"]
[EventDate "2019.12.26"]

1. e4 e5 2. Nf3 Nc6 3. Bc4 Nf6 4. d3 Be7 5. c3 d6 6. Bb3 Be6 7. Ng5 Bxb3 8.
Qxb3 O-O 9. Nd2 Na5 10. Qc2 b6 11. Ngf3 Qd7 12. Nf1 Nh5 13. Ng3 Qg4 14. O-O
Nxg3 15. fxg3 f5 16. exf5 Rxf5 17. Bd2 Raf8 18. Rae1 Nc6 19. Qb3+ Kh8 20. Qd5
Nd8 21. Re4 Qg6 22. Qc4 c6 23. Qa4 a5 24. Rfe1 Qe6 25. d4 Bf6 26. dxe5 dxe5 27.
Nd4 exd4 28. Rxe6 Nxe6 29. h3 dxc3 30. Bxc3 Bxc3 31. bxc3 Nd8 32. Qe4 Rc5 33.
Qe7 Kg8 34. Rd1 Nf7 35. Rd3 Re5 36. Qc7 Re1+ 37. Kh2 Ne5 38. Rd8 Nf3+ 39. gxf3
Re2+ 40. Kg1 Rxa2 41. Rxf8+ Kxf8 42. Qd6+ Kf7 43. Qxc6 Ra1+ 44. Kf2 Ra3 45.
Qd7+ Kg8 46. Qe8# 1-0

[Event "DVM U12 2019"]
[Site "Magdeburg GER"]
[Date "2019.12.29"]
[Round "5"]
[White "Hartl, Jan"]
[Black "Walter, Romeo"]
[Result "0-1"]
[Termination "normal"]
[Board "9.3"]
[WhiteElo "1186"]
[BlackElo "1501"]
[WhiteTeam "Schachklub Kerpen 64 e. V."]
[BlackTeam "SC Ostfildern 1952 e.V."]
[PlyCount "138"]
[WhiteFideId "16258460"]
[BlackFideId "16275055"]
[EventCountry "GER"]
[EventRounds "7"]
[EventType "team-swiss"]
[EventDate "2019.12.26"]

1. e4 e6 2. d4 d5 3. e5 c5 4. c3 Nc6 5. Nf3 Qb6 6. Be2 Bd7 7. O-O cxd4 8. cxd4
Nge7 9. Na3 Ng6 10. Nc2 Be7 11. Rb1 O-O 12. Be3 Rac8 13. Qd3 Nb4 14. Nxb4 Bxb4
15. Rfc1 a6 16. Bg5 Bb5 17. Qe3 Bxe2 18. Qxe2 h6 19. a3 Be7 20. Bxe7 Nxe7 21.
Qe3 Nf5 22. Qd3 Rc7 23. Rc3 Rxc3 24. bxc3 Qc6 25. h3 Rc8 26. Rb3 a5 27. a4 Qxa4
28. Rxb7 Qa1+ 29. Rb1 Qxc3 30. Qxc3 Rxc3 31. Ra1 Rc4 32. Rxa5 Nxd4 33. Ra8+ Kh7
34. Nxd4 Rxd4 35. Ra7 Kg6 36. Re7 Re4 37. Kh2 Rxe5 38. Kg3 Re4 39. Ra7 Rc4 40.
Kf3 f6 41. Ra3 Kf5 42. Ra7 g6 43. g4+ Kg5 44. Kg3 h5 45. h4+ Kh6 46. Ra6 Rxg4+
47. Kf3 Re4 48. Kg3 g5 49. hxg5+ Kxg5 50. f3 Re3 51. Kf2 d4 52. Ra4 e5 53. Ra6
f5 54. Ra8 Kf4 55. Rh8 Rxf3+ 56. Kg2 Ke3 57. Ra8 e4 58. Ra2 d3 59. Rb2 d2 60.
Rb1 Ke2 61. Rb2 Ke1 62. Rb1+ d1=Q 63. Rxd1+ Kxd1 64. Kh2 Ke2 65. Kg2 h4 66. Kh2
Rg3 67. Kh1 Kf2 68. Kh2 e3 69. Kh1 Rh3# 0-1

[Event "DVM U12 2019"]
[Site "Magdeburg GER"]
[Date "2019.12.29"]
[Round "5"]
[White "Kasperovich, Christian"]
[Black "Ilhan, Kiwan Noah"]
[Result "0-1"]
[Termination "normal"]
[Board "9.4"]
[WhiteElo "786"]
[BlackElo "912"]
[WhiteTeam "SC Ostfildern 1952 e.V."]
[BlackTeam "Schachklub Kerpen 64 e. V."]
[PlyCount "112"]
[WhiteFideId "16298012"]
[BlackFideId "16298110"]
[EventCountry "GER"]
[EventRounds "7"]
[EventType "team-swiss"]
[EventDate "2019.12.26"]

1. e4 e5 2. Nf3 Nc6 3. Nc3 Nf6 4. Bc4 h6 5. O-O Bc5 6. h3 d6 7. d3 Bd7 8. Nd5
Nxd5 9. Bxd5 Qf6 10. Be3 Nd4 11. Rb1 Nxf3+ 12. Qxf3 Qxf3 13. gxf3 Bxh3 14. Rfe1
Bxe3 15. fxe3 c6 16. Bc4 b5 17. Bb3 a5 18. a4 bxa4 19. Bxa4 Bd7 20. f4 c5 21.
Bb3 Be6 22. Ba4+ Bd7 23. Bb3 O-O 24. fxe5 dxe5 25. Red1 Bg4 26. Rd2 Rad8 27.
Bd5 Be6 28. Bc6 Rd6 29. Bb5 c4 30. Ra1 Ra8 31. Rdd1 cxd3 32. Bxd3 Bg4 33. Rd2
h5 34. b4 a4 35. Ra2 a3 36. c3 Be6 37. Ra1 a2 38. Rdd1 Bb3 39. Rd2 g5 40. Kf1
h4 41. Rb2 Rxd3 42. Rxb3 Rd2 43. Ke1 Rc2 44. Kd1 Rg2 45. Kc1 h3 46. Rb2 Rg1+
47. Kc2 h2 48. Raxa2 Rg2+ 49. Kb3 Rxb2+ 50. Rxb2 h1=Q 51. b5 Qxe4 52. Re2 Qa4+
53. Kb2 Qa2+ 54. Kc1 Qxe2 55. Kb1 Rd8 56. Kc1 Rd1# 0-1

[Event "DVM U12 2019"]
[Site "Magdeburg GER"]
[Date "2019.12.29"]
[Round "5"]
[White "Robelly, David"]
[Black "Isbilir, Levin"]
[Result "0-1"]
[Termination "normal"]
[Board "10.1"]
[WhiteElo "1289"]
[BlackElo "1175"]
[WhiteTeam "SC Wolfratshausen 1948 e.V."]
[BlackTeam "SC Erlangen 48/88"]
[PlyCount "56"]
[WhiteFideId "16236300"]
[BlackFideId "16267192"]
[EventCountry "GER"]
[EventRounds "7"]
[EventType "team-swiss"]
[EventDate "2019.12.26"]

1. e4 c5 2. Nc3 d6 3. d4 cxd4 4. Qxd4 Nc6 5. Qd2 Nf6 6. b3 g6 7. Bb2 Bg7 8.
O-O-O O-O 9. f4 Qa5 10. Nf3 Bd7 11. h3 Rfc8 12. g4 Rc7 13. Kb1 Nb4 14. a3 Nxe4
15. Nxe4 Rxc2 16. Qxc2 Nxc2 17. Kxc2 Rc8+ 18. Kb1 Bxb2 19. Kxb2 f5 20. Bc4+
Rxc4 21. bxc4 fxe4 22. Nd2 Ba4 23. Nxe4 Qb6+ 24. Ka1 Bxd1 25. Rxd1 Qe3 26. Ng5
Qxa3+ 27. Kb1 Qb3+ 28. Kc1 Qxc4+ 0-1

[Event "DVM U12 2019"]
[Site "Magdeburg GER"]
[Date "2019.12.29"]
[Round "5"]
[White "Wedekind, Ferdinand"]
[Black "Pichl, Christoph"]
[Result "0-1"]
[Termination "normal"]
[Board "10.2"]
[WhiteElo "1215"]
[BlackElo "1565"]
[WhiteTeam "SC Erlangen 48/88"]
[BlackTeam "SC Wolfratshausen 1948 e.V."]
[PlyCount "100"]
[WhiteFideId "16298179"]
[BlackFideId "16249739"]
[EventCountry "GER"]
[EventRounds "7"]
[EventType "team-swiss"]
[EventDate "2019.12.26"]

1. e4 c6 2. d4 d5 3. exd5 cxd5 4. Nf3 Nf6 5. Bd3 Nc6 6. Nc3 e6 7. O-O Bd6 8.
Re1 O-O 9. Bg5 Bd7 10. Qd2 Be7 11. Rad1 Qb6 12. Bb5 Bb4 13. Bxc6 Bxc3 14. Qxc3
Ne4 15. Qe3 Qxc6 16. c3 Qb6 17. Rb1 Bb5 18. Nd2 Nxg5 19. Qxg5 Bd3 20. Ra1 Qxb2
21. Rec1 Qb6 22. Nf3 Bg6 23. Qg3 Rac8 24. Ne5 Rfd8 25. Nxg6 hxg6 26. Rab1 Qc6
27. Rb3 b6 28. Qd3 Qc4 29. Qxc4 Rxc4 30. Kf1 Kf8 31. Ke2 Rdc8 32. Kd3 Ke7 33.
Ke3 Kf6 34. Kf4 e5+ 35. Ke3 exd4+ 36. Kd2 Rxc3 37. Rbxc3 Rxc3 38. Rxc3 dxc3+
39. Kxc3 Ke5 40. Kd3 g5 41. h3 b5 42. g3 a5 43. f3 b4 44. Ke3 a4 45. Kd3 b3 46.
axb3 axb3 47. Kc3 b2 48. Kxb2 Kd4 49. Kc2 Ke3 50. Kc3 d4+ 0-1

[Event "DVM U12 2019"]
[Site "Magdeburg GER"]
[Date "2019.12.29"]
[Round "5"]
[White "Neuwirth, Mark"]
[Black "Frech, Luis"]
[Result "1-0"]
[Termination "normal"]
[Board "10.3"]
[WhiteElo "1314"]
[BlackElo "1175"]
[WhiteTeam "SC Wolfratshausen 1948 e.V."]
[BlackTeam "SC Erlangen 48/88"]
[PlyCount "76"]
[WhiteFideId "16244958"]
[BlackFideId "16298187"]
[EventCountry "GER"]
[EventRounds "7"]
[EventType "team-swiss"]
[EventDate "2019.12.26"]

1. e4 e5 2. Nf3 Nc6 3. Bb5 Nge7 4. O-O Ng6 5. c3 d5 6. d3 a6 7. Ba4 b5 8. Bb3
Be6 9. Ng5 Bc5 10. Qf3 Nce7 11. Nxe6 fxe6 12. Bg5 Qd7 13. Be3 d4 14. cxd4 exd4
15. Bg5 h6 16. Bxe7 Qxe7 17. Qh5 Qg5 18. Qxg5 hxg5 19. Bxe6 Nf4 20. Bd5 Nxd5
21. exd5 O-O-O 22. Nd2 Rxd5 23. Ne4 Bd6 24. h3 Rh4 25. Rac1 g4 26. Nxd6+ Rxd6
27. hxg4 Rxg4 28. f3 Rf4 29. Kf2 Rg6 30. g3 Rf8 31. f4 Re6 32. Rfe1 Ref6 33.
Re5 Rg8 34. Rec5 Rgf8 35. Kf3 Kb7 36. Ke4 Rg6 37. Rg5 Rxg5 38. fxg5 Rf7 1-0

[Event "DVM U12 2019"]
[Site "Magdeburg GER"]
[Date "2019.12.29"]
[Round "5"]
[White "Bajaj, Pranit"]
[Black "Fehlhaber, Alexander"]
[Result "0-1"]
[Termination "normal"]
[Board "10.4"]
[WhiteElo "935"]
[BlackElo "1137"]
[WhiteTeam "SC Erlangen 48/88"]
[BlackTeam "SC Wolfratshausen 1948 e.V."]
[PlyCount "56"]
[WhiteFideId "16298195"]
[BlackFideId "16298020"]
[EventCountry "GER"]
[EventRounds "7"]
[EventType "team-swiss"]
[EventDate "2019.12.26"]

1. e4 c5 2. Nf3 e6 3. Nc3 a6 4. Bc4 Nc6 5. a4 Qc7 6. O-O Be7 7. d3 Nf6 8. Be3
d6 9. g3 O-O 10. Nh4 b6 11. Ng2 Bb7 12. Nh4 Ne5 13. Bb3 Rad8 14. d4 Neg4 15.
Bf4 e5 16. dxe5 dxe5 17. Bd2 g5 18. Nf5 Nxe4 19. Nxe4 Bxe4 20. Nxe7+ Qxe7 21.
Qxg4 Qb7 22. Qxg5+ Kh8 23. Bc3 f6 24. Qg4 Rd7 25. Rfe1 Bf3 26. Qh4 Bh1 27. Kf1
Bg2+ 28. Ke2 Qf3# 0-1